El Teatre de Joan Oliver / Miquel M. Gibert ; pròleg de Josep M. Benet i Jornet
Descripción Física:
413 p. ; 21 cm
Colección:
Monografies de Teatre ; 36
Otros Autores:
Benet i Jornet, Josep M., 1940-2020
MARC
| LEADER | 00000nam a2200000Ia 4500 | ||
|---|---|---|---|
| 001 | 12126 | ||
| 008 | 160829s1998 xx 000 0 cat d | ||
| 080 | |a B-1-194 | ||
| 100 | |a Gibert, Miquel M. |9 20932 | ||
| 245 | |a El Teatre de Joan Oliver / Miquel M. Gibert ; pròleg de Josep M. Benet i Jornet | ||
| 260 | |a Barcelona : |b Institut del Teatre. Diputació de Barcelona, |c 1998 | ||
| 300 | |a 413 p. ; |c 21 cm | ||
| 490 | |a Monografies de Teatre ; 36 | ||
| 600 | 1 | 0 | |a Oliver, Joan |d 1899-1986 |x Crítica i interpretació |9 54364 |
| 700 | 1 | |a Benet i Jornet, Josep M., |d 1940-2020 |e autor del pròleg |9 25098 | |
| 710 | 1 | |a Institut del Teatre (Barcelona, Catalunya) |9 52662 | |
| 901 | |a Arxiu | ||
| 942 | |n 1 |2 udc | ||
| 952 | |0 0 |1 0 |4 0 |6 B1194 |7 1 |9 41748 |a Arxiu |b Arxiu |d 2016-12-01 |l 0 |o B-1-194 |p 12126 |r 2016-12-01 00:00:00 |w 2016-12-01 |y ARXIU | ||
| 999 | |c 43638 |d 43638 | ||